Serie A Teams - Statistics

General Stats
  • This quiz has been taken 22 times
  • The average score is 10 of 13
Answer Stats
# of Seasons Answer % Correct
89 AC Milan
100%
91 Inter Milan
100%
90 Juventus
100%
90 Roma
90%
85 Fiorentina
81%
77 Napoli
81%
79 Torino
76%
62 Atalanta
71%
80 Lazio
71%
55 Genoa
62%
76 Bologna
57%
50 Udinese
52%
66 Sampordia
10%
No matching quizzes found
Score Distribution
Percent of People with Each Score
Percentile by Number Answered
Your Score History
You have not taken this quiz